| 000 | 01458namaa22003251i 4500 | ||
|---|---|---|---|
| 005 | 20260503122515.0 | ||
| 008 | 260503s1994 ua a|||frm||| 000 0 eng d | ||
| 040 |
_aEG-GICUC _beng _cEG-GICUC _dEG-GICUC _erda |
||
| 041 | 0 |
_aeng _beng _bara |
|
| 049 | _aDeposit | ||
| 097 | _aM.Sc | ||
| 099 | _aCai01.11.28.M.Sc.1994.Ta.P | ||
| 100 | 0 |
_aTarek Mohammed Farid Abd El - Aziz, _epreparation. |
|
| 245 | 1 | 0 |
_aPremature Thelarche and True Precocious Puberty in Grils, Clinical Presentation and Diagnosis / _cBy Tarek Mohammed Farid Abd El - Aziz ; Supervised Prof. Dr. Isis Mohamed Ghaly, Prof. Dr. Fawzia Helmy Hussien, Dr. Mone Hassen Hafez |
| 246 | 1 | 5 | _aالتشخيص المعملي الكلينيكي لحالات البلوغ المكبر في الاناث |
| 264 | 0 | _c1994. | |
| 300 |
_a142 Leaves _billustrations _c30 cm. + |
||
| 336 |
_2rda content _atext |
||
| 337 |
_2rdamedia _aUnmediated |
||
| 338 |
_2rdacarrier _avolume |
||
| 502 | _aThesis (M.Sc.)-Cairo University, 1994 | ||
| 504 | _aBibliography: pages 126-142 | ||
| 653 | 0 | _aPremature Thelarche and True Precocious Puberty in Grils | |
| 700 | 0 |
_aIsis Mohamed Ghaly _ethesis advisor. |
|
| 700 | 0 |
_aFawzia Helmy Hussien _ethesis advisor. |
|
| 700 | 0 |
_aMone Hassen Hafez _ethesis advisor. |
|
| 900 |
_DDepartment of Pediatrics _FFaculty of Medicine _UCairo University _b1994 _cIsis Mohamed Ghaly _cFawzia Helmy Hussien _cMone Hassen Hafez |
||
| 905 | _aNehad | ||
| 942 |
_2ddc _cTH _e21 _n0 |
||
| 999 | _c179917 | ||